000 01002nam a22002417a 4500
999 _c5970
_d5970
003 AR-CdUCM
008 190313b ||||| |||| 00| 0 spa d
040 _aMUNICIPALIDAD PROVINCIAL DEL CUSCO
_cBIBLIOTECA MUNICIPAL DEL CUSCO
082 _a986 .2 /
_bG643
100 _aGonzáles Suárez, Federico
_917504
245 _aHistoria general de la república del Ecuador :
_batlas arqueológico /
260 _aGuayaquil :
_bAriel,
300 _a190 páginas ;
_bIlustraciones,
_c18 cm.
440 _aClasicos Ariel
_n25
_917505
500 _aDonación de la familia Nieto
505 _aContenido: Necesidad de los estudios arqueológicos -- Investigaciones arqueológicas practicadas en el Ecuador -- Consideraciones particulares relativamente a las cuatro principales naciones indígenas del Ecuador ...
650 _aArqueología
_9371
650 _aEcuador
_910121
650 _aHistoria
_9136
700 _aRodriguez Castelo, Hernan (introduccion)
_914735
942 _2ddc
_cLIBROS
945 _acmm